| 000 | 01231cad a22002295a 4500 | ||
|---|---|---|---|
| 001 | L158494 | ||
| 008 | 111221s2013 xxk f 000 0 eng d | ||
| 020 | _a9780101873024 | ||
| 035 | _a(Sirsi) u158494 | ||
| 041 | 0 | _aeng | |
| 110 | 2 |
_aUnited Kingdom _bDepartment for Communities and Local Government _94939 |
|
| 245 | 0 | 4 |
_aThe Private rented sector _h[electronic resource] |
| 260 |
_aLondon _bDepartment for Communities and Local Government _c2013 |
||
| 490 | 0 | _aImproving the rented housing sector | |
| 520 | _aGovernment response to the Communities and Local Government Select Committee Report: The Private Rented Sector. The Communities and Local Government Select Committee conducted an inquiry into the private rented sector. Following the submission of written evidence and a number of evidence sessions, the Committee published its report on 18 July 2013. | ||
| 590 | _aKA NTK | ||
| 651 | 4 | _aLONDON | |
| 690 |
_aResidential property _96266 |
||
| 710 | 1 |
_aHomes and Communities Agency _95688 |
|
| 856 | 4 | 0 |
_uhttps://www.gov.uk/government/publications/the-private-rented-sector-government-response-to-the-communities-and-local-government-select-committee-report _zView the item free of charge at www.gov.uk |
| 942 | _n0 | ||
| 999 |
_c115344 _d115344 |
||